00446nam a2200181Ia 4500003000400000005001700004008004100021040000700062041000800069082001900077100002500096245004400121260004500165300001200210365000800222650002000230650001400250OSt20230627101737.0210423s9999 xx 000 0 und d cAL aeng a374 223bHINA aHINZEN (Herbert),Ed. aAdult environmental education 1991-37. bGerman Adult Education Associationc2021 a216bPB cINR aAdult Education aEducation